Statistics for Country Picture Puzzle Game #11

Click here to take the quiz!

General Stats

  • This quiz has been taken 2,285 times
  • The average score is 10 of 17

Answer Stats

HintAnswer% Correct
HTML tutorial In which ocean is Christmas Island?Indian Ocean
87%
HTML tutorial Mauna Loa is the largest _______ on EarthVolcano
76%
HTML tutorial Northernmost country of IndochinaMyanmar
70%
HTML tutorial Country occupied by MoroccoWestern Sahara
69%
HTML tutorial Capital city of MontenegroPodgorica
67%
HTML tutorial Peninsula where Somalia is locatedHorn of Africa
61%
HTML tutorial The largest freshwater lake by volume in the worldBaikal Lake
57%
Brazil
54%
HTML tutorial Capital city of Trinidad and TobagoPort of Spain
54%
HTML tutorial Second largest city in South KoreaBusan
52%
HTML tutorial Strait between Chukchi and Bering SeaBering Strait
51%
HTML tutorial Spanish term for lakeLago
51%
HTML tutorial Only country in Asia MinorTurkey
50%
HTML tutorial Bandar Seri _______Begawan
46%
HTML tutorial Bolivarian Republic of _________Venezuela
46%
HTML tutorial Largest gulf in AfricaGulf of Guinea
45%
HTML tutorial Angolan exclave between two CongosCabinda
19%

Score Distribution

Percentile by Number Answered

Percent of People with Each Score

Your Score History

You have not taken this quiz